Seven Sages of Hindu Mythology - Statistics

General Stats
  • This quiz has been taken 34 times
    25 since last reset
  • The average score is 3 of 7
Answer Stats
Hint Answer % Correct
7. Atri
71%
5. Kashyap
59%
1. Vishwamitra
59%
2. Jamadagni
47%
3. Gautama
41%
6. Bharadwaj
35%
4. Vasishtha
24%
No matching quizzes found
Score Distribution
Percent of People with Each Score
Percentile by Number Answered
Your Score History
You have not taken this quiz since the last reset